Fender electric guitars - Statistics

General Stats
  • This quiz has been taken 1,156 times
  • The average score is 4 of 5
Answer Stats
Creation Model % Correct
1954 Stratocaster
99%
1950 Telecaster
97%
1962 Jaguar
81%
1958 Jazzmaster
77%
1964 Mustang
65%
No matching quizzes found
Score Distribution
Percent of People with Each Score
Percentile by Number Answered
Your Score History
You have not taken this quiz